000 00755nam a2200217 i 4500
003 DO-SdBNP
005 20231208072057.0
006 a||||er|||| 00| 0
007 ta
008 231208b190? dr a|||| |||| 00| 0 spa d
040 _aDO-SdBNP
_bspa
_cBNPHU
_erda
082 4 _222
_bM294e
245 1 0 _aManual de educación sexual. /
_cRosa Rita Álvarez, Sandra Best, Milton Cordero, Octavio Estrella, Denis Mota Álvarez ; ilustración, Millarray Quiroga, José Mercader.
264 1 _aSanto Domingo :
_bPROFAMILIA,
_c[190?]
300 _a110 páginas :
_bIlustraciones ;
_c27 cm.
336 _2rdacontent
_atexto
_btxt
337 _2rdamedia
_asin mediación
_bn
338 _2rdacarrier
_avolumen
_bnc
590 _aInventariado 2023 / MF
942 _2ddc
_cLBS1
999 _c55633
_d55633